Score 0/25 Timer 10:00
4 Plays Today
% Correct
Dumbo
87.6%
Toy Story 2
86.5%
Spider-Man: Into the Spider-Verse
79.1%
Godzilla: King of the Monsters
74.9%
Frankenstein
72.8%
Joker
71.1%
Ant-Man and the Wasp
70.6%
Aladdin
70.2%
Rocketman
67%
Once Upon a Time in Hollywood
65.5%
Journey to the Center of the Earth
64.1%
Good Will Hunting
63.5%
Avengers: Endgame
61.5%
% Correct
Home Alone 2: Lost in New York
51.2%
First Blood
48.1%
Arrival
42.3%
A Wrinkle in Time
37.8%
Memoirs of a Geisha
34.9%
Atomic Blonde
27.3%
Snowpiercer
26%
10 Cloverfield Lane
21.3%
King Arthur
18.6%
Ad Astra
18.1%
Cloud Atlas
9.6%
A Monster Calls
7.8%
Remove Ads.
Support Sporcle.
Get the best of Sporcle when you Go Orange. This ad-free experience offers more features, more stats, and more fun while also helping to support Sporcle. Thank you for becoming a member.

You're not logged in!

Compare scores with friends on all Sporcle quizzes.
OR
Log In

Sporcle TV

Today on Sporcle TV


Watch our educational content, quiz creation guides, and fun videos on Sporcle TV.

Show Comments

Extras

Top Quizzes Today


Score Distribution

Paid Content

Your Account Isn't Verified!

In order to create a playlist on Sporcle, you need to verify the email address you used during registration. Go to your Sporcle Settings to finish the process.

Report this User

Report this user for behavior that violates our Community Guidelines.

Details: